01444nam a2200277 a 4500001001000000005001700010008004100027041000800068044000800076084002000084100004500104245016300149260003200312300002200344500016900366500011600535500020800651500003600859500001000895546002400905650005200929650005600981650003401037650004501071740005001116BRCA_321720190320204152.0270209s1769----enka---###---#000-0#eng-# aeng aenk a518b.K45c17691 aCervantes Saavedra, Miguel ded1547-161610aThe History of the Renowned Don Quixote de la ManchacWritten Originally in Spanish by Miguel de Cervantes Saavedra. Translated in to English by George Kelly. aLondresbGeorge Kellyc1769 a4 v.bil.c17 cm. aContenido : v.1. Primera parte . Prólogo del autor. Noticia biográfica sobre Cervantes. -- v.2. Texto. -- v.3. Segunda parte. Prólogo del autor. -- v.4. Texto aEdición : To Which are Added Notes on the More Difficult Passages. Ornamented with Many Elegant Copper-Plates aEs la traducción de Motteux ligeramente retocada en algunos pasajes por G. Kelly. Va acompañada de láminas anonimas de mala calidad. Semipiel; lomeras adornadas con filetes dorados Lúdovik Osterc aCon ex-libris de : John Measure aQM417 aTexto en : inglés14aNovela españolayÉpoca clásica, 1500-170014aLiteratura españolayÉpoca clásica, 1500-170014aNovela españolaySiglo XVII14aDon Quijote (Personaje ficticio)eNovela0 aEl Ingenioso Hidalgo Don Quijote de la Mancha